000 00470cam a2200193ua 4500
001 10021
005 20260515114544.0
008 170317n ii |||gr||||Z||||||asm
040 _cMAIN
041 _aasm
082 _a891.4514
100 _aGogoi, Lila,
_eEditor.
245 _aAdhunik asamiya sahityar parichay
_cEd. by Lila Gogoi
250 _a2nd ed.
260 _aDibrugarh:
_bBanalata,
_c2010.
300 _a372p.
653 _aAssamese literature
942 _cBK
999 _c9012
_d9012